000 00302nam a2200121Ia 4500
008 220204s9999 xx 000 0 und d
082 _a621.039
_bSOD
100 _aSoddy, Frederick
245 0 _aStory of atomic energy
260 _aLondon
_bNova Atlantis
_c1949
650 _aAtomic energy
942 _cBK
999 _c19446
_d19446